000 00359nam a2200133 a 4500
005 20140414132109.0
008 110115s19uu xx 00 eng d
050 _aM 613.2
_bB35 2007
100 _aBerger, Melvin.
245 _aHealthy me /
_cby Melvin and Gilda Berger.
260 _aNew York :
_bScholastic,
_c2007.
440 _aNow I know
999 _c114688
_d114688